000 01828nam0a2200385 4500
001 RU\NLR\BIBL_A\011847996
005 20200731141532.0
021 _aRU
_bКН-П-18-072470
_9КН-П-18-5230
035 _a(NLR Aleph) 011847996
035 _a(RuMoRGB)009756343
090 _a12086578
_c12086578
100 _a20181026d2018 k y0rusy50 ca
101 0 _arus
_deng
102 _aRU
105 _aa zzzz||000zy
200 1 _aАсимптотический базис решений q-рекуррентных соотношений вне зоны близких собственных значений
_fА. И. Аптекатрев, Д. Н. Туляков
210 _aМосква
_cИПМ им. М. В. Келдыша РАН
_d2018
215 _a24 с.
_cил.
_d21
225 1 _aПрепринты ИПМ им. М. В. Келдыша
_dKeldysh institute preprints
_zeng
225 1 _aПрепринт
_fИн-т прикл. математики им. М. В. Келдыша Рос. акад. наук
_v№ 159 за 2018 г.
_x2071-2898
300 _aРез. англ.
320 _aБиблиогр.: с. 21-22 (14 назв.)
606 1 _aРазностные уравнения
_xРешение
_xАсимптотические методы
_92130319
_3RU\NLR\AUTH\661589334
606 1 _aРекуррентные функции
_92387668
_3RU\NLR\AUTH\661424123
606 1 _aУзлы (мат.) инвариантные
_92326692
_3RU\NLR\AUTH\661391627
686 1 _aВ192.164
686 1 _aВ161.46
686 1 _aВ182.1
700 1 _aАптекарев
_bА. И.
_gАлександр Иванович
701 1 _aТуляков
_bД. Н.
_gДмитрий Николаевич
942 _cBOOK
980 _aNBR
980 _aNB